| 000 | 01282cam a2200325 a 4500 | ||
|---|---|---|---|
| 001 | 12954317 | ||
| 003 | OSt | ||
| 005 | 20181029131447.0 | ||
| 008 | 021001s2004 caua b 001 0 eng | ||
| 010 | _a 2002113900 | ||
| 020 | _a0534606512 | ||
| 035 | _a(DLC) 2002113900 | ||
| 040 |
_aDLC _cDLC _dDLC |
||
| 050 | 0 | 0 |
_aPN4121 _b.J25 2004 |
| 082 | 0 | 0 |
_a808.5/1 _222 |
| 100 | 1 |
_aJaffe, Clella Iles, _d1944- |
|
| 245 | 1 | 0 |
_aPublic speaking : _bconcepts and skills for a diverse society / _cClella Jaffe. |
| 250 | _a4th ed. | ||
| 260 |
_aBelmont, CA : _bWadsworth/Thomson Learning, _cc2004. |
||
| 300 |
_axxii, 417 p. : _bill. (some col.) ; _c26 cm. |
||
| 504 | _aIncludes bibliographical references (p. 397-404) and index. | ||
| 650 | 0 | _aPublic speaking. | |
| 650 | 0 | _aMulticulturalism. | |
| 856 | 4 | 2 |
_3Contributor biographical information _uhttp://www.loc.gov/catdir/enhancements/fy1103/2002113900-b.html |
| 856 | 4 | 2 |
_3Publisher description _uhttp://www.loc.gov/catdir/enhancements/fy1103/2002113900-d.html |
| 856 | 4 | 1 |
_3Table of contents only _uhttp://www.loc.gov/catdir/enhancements/fy1103/2002113900-t.html |
| 906 |
_a7 _bcbc _corignew _d2 _eepcn _f20 _gy-gencatlg |
||
| 942 |
_2lcc _cBK |
||
| 999 |
_c53705 _d53705 |
||